000 00665nam a2200229 u 4500
005 20240430063842.0
008 141020s2005 ea r 000 0 spa d
020 _a0736841377
035 _aUPN01000200361
049 _aI
050 4 _aQC360
_bR5.4
100 1 _aRing, Susan
_936484
245 1 0 _aLuz y sombra /
_cSusan Ring.
260 _aMinnesota, E.U.A. :
_bCapstone Press,
_c2005.
300 _a17 p. :
_bil. col.
440 0 _aYellow umbrella books.
_pScience - Spanish
534 _pTítulo original:
_tLight and shadow
650 4 _aLuz
_vLiteratura infantil
_923136
650 2 _aTonos y sombras
_919865
905 _aInfantil
999 _c172462
_d172462